Effective teaching ; a manual for engineering instructors.

Bibliographic Details
Main Author: Morris, Frederick Clinton, 1900-
Corporate Author: American Society for Engineering Education. Committee on Teaching Manual
Format: Book
Language:English
Published: New York : McGraw-Hill, 1950.
Edition:1st ed.
Subjects:

MARC

Tag First Indicator Second Indicator Subfields
LEADER 00000cam a2200000 4500
001 in00000336367
005 20151011055116.0
008 750709s1950 nyua b 00000 eng
010 |a  50006472  
035 |a (OCoLC)01437001 
035 |9 ABM2194AM 
040 |c ORL  |d TXA  |d UtOrBLW 
049 |a TXAM  |c [257078] 
050 0 0 |a T65  |b .M63 
082 0 |a 620.7 
100 1 |a Morris, Frederick Clinton,  |d 1900- 
245 1 0 |a Effective teaching ;  |b a manual for engineering instructors. 
250 |a 1st ed. 
264 1 |a New York :  |b McGraw-Hill,  |c 1950. 
300 |a ix, 86 pages :  |b illustrations ;  |c 23 cm. 
336 |a text  |b txt  |2 rdacontent 
337 |a unmediated  |b n  |2 rdamedia 
338 |a volume  |b nc  |2 rdacarrier 
500 |a "Prepared under the sponsorshipof Committee on Teaching Manual. American Society for Engineering Education." 
504 |a Bibliography: page 81. "List of visual aids": pages 83-86. 
650 0 |a Engineering  |x Study and teaching. 
710 1 |a American Society for Engineering Education. Committee on Teaching Manual. 
999 |a MARS 
999 f f |s dc202694-c2a5-3a3f-8e88-7753e3ac55ad  |i f835ea5c-ca62-3920-8f7a-dfedb35120ef  |t 0 
952 f f |p ric  |a Texas A&M University  |b Rellis Campus  |c Joint Library Facility  |d Remote Storage  |t 0  |e T65 .M63  |h Library of Congress classification  |i unmediated -- volume  |m A14805273469 
998 f f |a T65 .M63  |t 0  |l Remote Storage